| 000 | 03230nam a2200289 i 4500 | ||
|---|---|---|---|
| 001 | 000017145 | ||
| 003 | DO-SdBNP | ||
| 005 | 20250807145439.0 | ||
| 007 | ta | ||
| 008 | 100318s2000 dr r 000 0 spa d | ||
| 020 | _a9993480258 | ||
| 040 |
_aDO-SdBNP _bspa _cBNPHU _erda |
||
| 041 | _aspa | ||
| 082 | 4 |
_aBNPHU DS RD868.5 C733c _bC733c _222 |
|
| 245 | 1 | 0 |
_aColoquios ´99 / _cComisión permanente de la feria nacional del libro Santo Domingo. |
| 264 |
_aSanto Domingo, República Dominicana : _bComisión Permanente de la Feria del Libro, _c2000. |
||
| 300 |
_a443 páginas. ; _c23 cm. |
||
| 336 |
_atexto _btxt _2rdacontent |
||
| 337 |
_asin mediación _bn _2rdamedia |
||
| 338 |
_avolumen _bnc _2rdacarrier |
||
| 505 | _aPedro Henríquez Ureñas hoy /Andrés L. Mateo 17|Pedro Henríquez Ureña : conciencia de estilo en sus cartas 23|Pedro Henríquez Ureña en la cifra de las ideas / José M. Fernández Pequeño 27|Pedro Henríquez Ureña y Alfonso Reyes / Soledad Alvarez 33|La sociología en República Dominicana a finales de siglo /Rubén Silié 47|30 años después : la demografía en la República Dominicana 61|Historiografía dominicana contemporánea / Frank Moya Pons 79|Consecuencias de la expedición de junio de 1959 / Roberto Cassá 99|Un nuevo olimpo para viejos héroes / Juan Delancer 109|La expedición del 14 de Junio y el valor actual de sus aportes / Rafael Chajub Mejía 115|Memorias de Junio de 1959 / Franklin Franco Pichardo 123|El manejo del discurso histórico en los libros de texto / Carlos Andújar Persinal 139|Los libros de texto de historia dominicana en la ReRepública Dominicana / Maria Filomena González Canalda 145|La ilustración y los libros de texto de historia dominicana / Eleonor Grimaldi Silié 157|La historia de Haití y de la República Dominicana a través de los libros de texto tradicionales / Carlos Segura 175|La renovación de la novela histórica dominicana / Manuel Salvador Gautier 187|La novela histórica en el contexto dominicano / Avelino Stanley 207|La novela histórica, los dinosaurios y la mala memoria / Diógenes Valdéz 215|Juro que sabré vengarme : una novela histórica / Miguel Holguín Veras 231|Validez de la novela histórica / Carlos Esteban Deive 237|Las tinieblas del dictador en el proceso histórico antillano / Haffe Serulle 245|Lilís y cultura política del dominicano / Adriano Miguel Tejada 253|Sobre el enjuciamiento de la obra gubernativa de la dictadura de Heureaux / Jaime de Jesús Dominguez 261|Ulises Heureaux (Lilís) militar, político y gobernante / Euclides Gutiérrez Félix 267|Magnicidio del General Ulises Heureaux : su impacto noticioso en el exterior / José C. Novas 277|Coloquio sobre Juan Rulfo 289|Coloquio sobre Octavio Paz 311|Coloquio sobre Jorge Luis Borges 353|Pedro Páramo: un relato situado entre la vida y la muerte 289|La desesperanza en la obra de Juan Rulfo 297|Pedro Páramo o la convocatoria de la muerte 305|Coloquios sobre Octavio Paz 311|Coloquios sobre Jorge Luis Borges 353 | ||
| 590 | _aInventariado, 2023 / DG | ||
| 650 | 4 |
_aLiteratura dominicana - Ensayos, conferencias, etc _983832 |
|
| 650 | 4 |
_aLiteratura dominicana _x Historia y crítica _9159 |
|
| 910 | _aDG | ||
| 942 |
_2ddc _cLBS1 |
||
| 999 |
_c16671 _d16671 |
||